Fertilidad nitrogenada para trigo en suelos del sudoeste Bonaerense /
Guardado en:
| Autor Principal: | |
|---|---|
| Autor Corporativo: | |
| Otros Autores: | |
| Formato: | Libro |
| Idioma: | Spanish |
| Publicado: |
1980.
|
| Etiquetas: |
Agregar Etiqueta
Sin Etiquetas, Sea el primero en etiquetar este registro!
|
| LEADER | 00801nam a22001935a 4500 | ||
|---|---|---|---|
| 001 | EEA.libagro010804 | ||
| 005 | 20180912121908.0 | ||
| 008 | 130809s1980####ag#a##########000#0#spa#d | ||
| 082 | 0 | 4 | |a 631.8 |
| 082 | 0 | 4 | |a 633.11 |
| 100 | 1 | |a Loewy, Tomás. | |
| 245 | 1 | 0 | |a Fertilidad nitrogenada para trigo en suelos del sudoeste Bonaerense / |c T. Loewy, H. A. Seewald. |
| 260 | |c 1980. | ||
| 300 | |a [5] h. : |b il. ; |c 30 cm. | ||
| 500 | |a Comunicación: IX Reunión Argentina de la Ciencia del Suelo, 1980. | ||
| 700 | 1 | |a Seewald, Héctor A. | |
| 710 | 2 | |a Instituto Nacional de Tecnología Agropecuaria (Argentina). |b Estación Experimental Agropecuaria Bordenave. | |
| 773 | 0 | |t Fertilidad y Fertilizantes. Publicaciones del Ing. Agr. Tomás Loewy. |g Trabajo nº 2. | |
| 859 | |a AR-BbBCA |b BIB. AGRONOMIA |h 631.8 |i L827 2 |p 1996/2578 | ||
